История восемнадцатого столетия и девятнадцатого до падения Французской империи с особенно подробным изложением хода литературы. Т. 8: [Шестой период восемнадцатого столетия и первые пятнадцать лет девятнадцатого (Запись № 4906557)

Подробности
000 -МАРКЕР
контрольное поле 02438nam2a22003731 4500
001 - ИДЕНТИФИКАТОР ЗАПИСИ
контрольное поле v19\rc\1393256
005 - ИДЕНТИФИКАТОР ВЕРСИИ
контрольное поле 20250618094333.0
035 ## - ДРУГИЕ СИСТЕМНЫЕ НОМЕРА
Идентификатор записи (NLR Aleph) 004525102
100 ## - ДАННЫЕ ОБЩЕЙ ОБРАБОТКИ
Данные общей обработки 20060512d1871 |||y0rusy50 ca
101 1# - ЯЗЫК РЕСУРСА
Язык текста, звукозаписи и т.д. русский
Язык оригинала немецкий
102 ## - СТРАНА ПУБЛИКАЦИИ ИЛИ ПРОИЗВОДСТВА
Страна публикации Российская Федерация
105 ## - ПОЛЕ КОДИРОВАННЫХ ДАННЫХ: ТЕКСТОВЫЕ МАТЕРИАЛЫ, МОНОГРАФИЧЕСКИЕ
Кодированные данные о монографическом текстовом документе y z |||||
200 1# - ЗАГЛАВИЕ И СВЕДЕНИЯ ОБ ОТВЕТСТВЕННОСТИ
Основное заглавие [Шестой период восемнадцатого столетия и первые пятнадцать лет девятнадцатого
Первые сведения об ответственности С предисл. М.А. Антоновича, указателем к целому сочинению и портр. Шлоссера]
210 ## - ПУБЛИКАЦИЯ, РАСПРОСТРАНЕНИЕ И ДР.
Дата издания, распространения и т.д. 1871
Место издания, распространения и т.д. Б. м.
215 ## - ФИЗИЧЕСКАЯ ХАРАКТЕРИСТИКА
Специфическое обозначение материала и объем [4], LXXXVI, 484, 123 с.
300 ## - ОБЩИЕ ПРИМЕЧАНИЯ
Текст примечания Указ. на тит. л. портр. Шлоссера отсутствует
461 #0 - УРОВЕНЬ НАБОРА
Встроенное поле 001v19\rc\1393248
-- 2001#$aИстория восемнадцатого столетия и девятнадцатого до падения Французской империи с особенно подробным изложением хода литературы$eПер. с 4 испр. изд.$f[Соч.] Ф.К. Шлоссера, проф. истории при Гейдельберг. ун-те$vТ. 8
-- 700#1$aШлоссер$bФ.К.$f1776-1861$gФридрих Кристоф
Системный номер (АБИС) связанной записи 4906478
Автор Шлоссер, Ф.К. (1776-1861)
Место публикации Санкт-Петербург
Дата публикации 1868-1871
Издание 2-е изд. Т. 1-8
Первые сведения об ответственности [Соч.] Ф.К. Шлоссера, проф. истории при Гейдельберг. ун-те
Имя издателя, распространителя и т.д. Черкесов
Сведения, относящиеся к заглавию Пер. с 4 испр. изд.
Физическая характеристика 8 т.
Заглавие История восемнадцатого столетия и девятнадцатого до падения Французской империи с особенно подробным изложением хода литературы
Номер тома Т. 8
540 1# - ДОПОЛНИТЕЛЬНОЕ ЗАГЛАВИЕ, ПРИМЕНЯЕМОЕ КАТАЛОГИЗАТОРОМ
Заглавие Шестой период восемнадцатого столетия и первые пятнадцать лет девятнадцатого
702 #1 - ИМЯ ЛИЦА - ВТОРИЧНАЯ ОТВЕТСТВЕННОСТЬ
Начальный элемент ввода Антонович
Часть имени, кроме начального элемента ввода М.А.
Даты 1835-1918
Расширение инициалов личного имени Максим Алексеевич
Код отношения Автор введения, предисловия, примечания и т.п.
801 #0 - ИСТОЧНИК ЗАПИСИ
Страна Российская Федерация
Организация NLR
Правила каталогизации psbo
801 #0 - ИСТОЧНИК ЗАПИСИ
Страна Российская Федерация
Организация RuMoRGB
Источник данных psbo
801 #1 - ИСТОЧНИК ЗАПИСИ
Страна Российская Федерация
Организация ProSoft-M
Источник данных rusmarc
852 ## - МЕСТОНАХОЖДЕНИЕ И ШИФР ХРАНЕНИЯ
Идентификатор организации NLR
Шифр хранения (Call Number) 18.60.4.38
899 ## - ДАННЫЕ О МЕСТОНАХОЖДЕНИИ (устаревшее)
Местонахождение НБ СПбГУ
899 ## - ДАННЫЕ О МЕСТОНАХОЖДЕНИИ (устаревшее)
Местонахождение ГПИБ
899 ## - ДАННЫЕ О МЕСТОНАХОЖДЕНИИ (устаревшее)
Местонахождение НБ МГУ
899 ## - ДАННЫЕ О МЕСТОНАХОЖДЕНИИ (устаревшее)
Местонахождение RuMoRGB
Шифр хранения Рб 6/1832
899 ## - ДАННЫЕ О МЕСТОНАХОЖДЕНИИ (устаревшее)
Местонахождение БАН
899 ## - ДАННЫЕ О МЕСТОНАХОЖДЕНИИ (устаревшее)
Местонахождение RuMoRGB
Шифр хранения M 62/86
899 ## - ДАННЫЕ О МЕСТОНАХОЖДЕНИИ (устаревшее)
Местонахождение RuMoRGB
Шифр хранения B 58/5
899 ## - ДАННЫЕ О МЕСТОНАХОЖДЕНИИ (устаревшее)
Местонахождение RuMoRGB
Шифр хранения R 103/48
942 ## - ДОПОЛНИТЕЛЬНЫЕ ЭЛЕМЕНТЫ ЗАПИСИ (АБИС)
Тип экземпляра АБИС Книга
980 ## - КОЛЛЕКЦИЯ
Название коллекции Национальная библиография
Экземпляры
Тип экземпляра Дата поступления Библиотека постоянного хранения Библиотека текущего хранения Место хранения Шифр хранения Штрих-код Статус экземпляра
Книга 26.10.2013 РНБ (Московский) РНБ (Московский) Неопределен, для заказа не доступен, в ЭК виден   4525102-60  
Книга 26.10.2013 РНБ (Московский) РНБ (Московский) Неопределен, для заказа не доступен, в ЭК виден   4525102-70  
Книга 26.10.2013 РНБ (Московский) РНБ (Московский) Неопределен, для заказа не доступен, в ЭК виден   4525102-80  
Книга 26.10.2013 РНБ (Московский) РНБ (Московский) Неопределен, для заказа не доступен, в ЭК виден   4525102-90  
Книга 26.10.2013 РНБ (Садовая) РНБ (Садовая) Русский книжный фонд -Главное здание, Ленинский читальный зал 18.60.4.38 4525102-10